| 000 | 00829nam a22002177a 4500 | ||
|---|---|---|---|
| 005 | 2008070702242.0 | ||
| 008 | 080707t xxu||||| |||| 00| 0 eng d | ||
| 010 | _aENG-90461 | ||
| 020 |
_a9788120335554 _c195.00 |
||
| 035 | _aEN-73994 | ||
| 037 | _bDBAD /PUB | ||
| 040 |
_aDPL _bEN |
||
| 082 | _a158.5 / VOL | ||
| 100 | _aVolkema, Roger J. | ||
| 245 |
_aThe negotiation toolkit : _cby Roger J. Volkema _bhow to get exactly what you want in any business or personal situation |
||
| 260 |
_aNew Delhi _bPrentice-Hall of India _c2008 |
||
| 300 |
_axiii, 207p. _c22cm.(pbk) |
||
| 500 | _aincludes index | ||
| 942 |
_2ddc _cEN _h158.5 _mVOL |
||
| 999 |
_c14256 _d14256 |
||